Riddles Me This Quiz Stats

 Plays Quiz Updated Jul 21, 2014

Support Sporcle.
Go Orange.
Score 0/10 Timer 07:00
10 Plays Today
Riddle Answer % Correct
A woman has six daughters and they each have a brother. How many children does she have? Seven
87.6%
What comes once in a minute, twice in a moment, but never in a thousand years?The Letter 'M'
82.1%
What is light as a feather, yet man can only hold it for less than 3 minutes? Air
72.9%
What gets wet when drying?A Towel
71.5%
What is a five letter word which becomes shorter with two letters added onto it? Short
71.2%
What runs, but never walks, has a mouth but never talks?A River
66.8%
What is so fragile even saying its name can break it?Silence
60.6%
I am always there, some distance away, somewhere between land or sea and sky I lay, you may move toward me, yet distant I'll stay.The Horizon
57.6%
What has four fingers and a thumb, but is not made of flesh, fish, bone, or fowl? A Glove
36.5%
I can tear down mountains, or build them up. I can blind a man, or enable him to see. What am I?Sand
20.9%

From the Vault

Code Cracker! XLIV

by hockeystix3

We're always in the mood for crackers.
Remove Ads.
Support Sporcle.
Get the best of Sporcle when you Go Orange. This ad-free experience offers more features, more stats, and more fun while also helping to support Sporcle. Thank you for becoming a member.

Show Comments

Extras

Top Quizzes Today


Score Distribution

Your Account Isn't Verified!

In order to create a playlist on Sporcle, you need to verify the email address you used during registration. Go to your Sporcle Settings to finish the process.

Report this User

Report this user for behavior that violates our Community Guidelines.

Details: